000 00357nam a2200145Ia 4500
008 230917s9999||||xx |||||||||||||| ||und||
040 _e186978
_aMAIN
041 _aEnglish
082 _a657.45 G797A
100 _aGovind Prasad
245 0 _aankekshan: Siddhant evam vyavhar
260 _aNew Delhi
_bMacMillan
_c1977
300 _a3116 p.
942 _cBK
999 _c218365
_d218365